MyGZULibrary

The shy-man syndrome : (Record no. 3271)

MARC details
000 -LEADER
fixed length control field 00953pam a2200313 a 4500
001 - CONTROL NUMBER
control field 3384602
003 - CONTROL NUMBER IDENTIFIER
control field GZU
005 - DATE AND TIME OF LATEST TRANSACTION
control field 20201124113623.0
008 - FIXED-LENGTH DATA ELEMENTS--GENERAL INFORMATION
fixed length control field 881209s1989 mdu b 001 0 eng
010 ## - LIBRARY OF CONGRESS CONTROL NUMBER
LC control number 88037066
020 ## - INTERNATIONAL STANDARD BOOK NUMBER
International Standard Book Number 0819170097
040 ## - CATALOGING SOURCE
Original cataloging agency DLC
Transcribing agency DLC
Modifying agency DLC
043 ## - GEOGRAPHIC AREA CODE
Geographic area code n-us---
050 00 - LIBRARY OF CONGRESS CALL NUMBER
Classification number HQ800.3
Item number .GIL1989
082 00 - DEWEY DECIMAL CLASSIFICATION NUMBER
Classification number 155.6/32
Edition number 19
100 1# - MAIN ENTRY--PERSONAL NAME
Personal name Gilmartin, Brian G.
245 14 - TITLE STATEMENT
Title The shy-man syndrome :
Remainder of title why men become love shy and how they can overcome it /
Statement of responsibility, etc. Brian G. Gilmartin.
260 ## - PUBLICATION, DISTRIBUTION, ETC.
Place of publication, distribution, etc. Lanham, MD :
Name of publisher, distributor, etc. Madison Books,
Date of publication, distribution, etc. c1989.
300 ## - PHYSICAL DESCRIPTION
Extent xi, 215 p. ;
Dimensions 24 cm.
500 ## - GENERAL NOTE
General note Includes index.
504 ## - BIBLIOGRAPHY, ETC. NOTE
Bibliography, etc. note Bibliography: p. 205-212.
650 #0 - SUBJECT ADDED ENTRY--TOPICAL TERM
Topical term or geographic name entry element Single men
General subdivision Psychology.
650 #0 - SUBJECT ADDED ENTRY--TOPICAL TERM
Topical term or geographic name entry element Bashfulness.
650 #0 - SUBJECT ADDED ENTRY--TOPICAL TERM
Topical term or geographic name entry element Love.
650 #0 - SUBJECT ADDED ENTRY--TOPICAL TERM
Topical term or geographic name entry element Interpersonal relations.
650 #0 - SUBJECT ADDED ENTRY--TOPICAL TERM
Topical term or geographic name entry element Single men
Geographic subdivision United States
General subdivision Life skills guides.
906 ## - LOCAL DATA ELEMENT F, LDF (RLIN)
a 7
b cbc
c orignew
d 1
e ocip
f 19
g y-gencatlg
942 ## - ADDED ENTRY ELEMENTS (KOHA)
Source of classification or shelving scheme Library of Congress Classification
Koha item type Books
Classification part 800.3
Item part GIL
Call number prefix HQ
Holdings
Withdrawn status Lost status Damaged status Not for loan Collection code Home library Current library Shelving location Date acquired Total Checkouts Full call number Barcode Date last seen Copy number Price effective from Koha item type
        Non-fiction City Campus Library City Campus Library General Stacks 11/24/2020   HQ 800.3 GIL 1989 027782 11/24/2020 c.1 11/24/2020 Books